=LDR 00000nam 2200000 4500 =001 NUTBA000000000003424 =005 20251231113924 =035 ##$$a 0010-081400000000269 =008 251231###########################0#ind## =020 ##$$a 978-602-8505-82-6 =040 ##$$a NBPDMAT =082 ##$$a 028.5 =090 ##$$a 028.5 $b Don m =100 ##$$a Donny M. Ramdhani =245 1#$$a Mengukur sang waktu /$c Donny M. Ramdhan ; editor, L. Fitria =250 ##$$a Cet. 2 =260 ##$$a Jakarta :$b Multazam Mulia Utama,$c 2011 =300 ##$$a iv, 48 hlm. : $b ilus. ; $c 25 cm. =650 #4$$a Bacaan kanak-kanak =084 ##$$a 028.5 DON m =990 ##$$a 21405482 =990 ##$$a 21405483 =990 ##$$a 21405484 =990 ##$$a 21405485 =990 ##$$a 21405486 =990 ##$$a 21405484 =990 ##$$a 21405482 =990 ##$$a 21405483 =990 ##$$a 21405485 =990 ##$$a 21405486